The German-Jewish economic elite, 1820-1935 : a socio-cultural profile

Αποθηκεύτηκε σε:
Λεπτομέρειες βιβλιογραφικής εγγραφής
Κύριος συγγραφέας: Mosse, Werner Eugen
Μορφή: Βιβλίο
Γλώσσα:English
Δημοσίευση: Oxford : Clarendon , 1989
Θέματα:
Ετικέτες: Προσθήκη ετικέτας
Δεν υπάρχουν, Καταχωρήστε ετικέτα πρώτοι!

MARC

LEADER 00000nam a2200000 i 4500
001 1/7783
008 970515s1989 eng d
020 |a 0-19-822990-9 
035 |l 10016834 
040 |a GR-MY-UA  |b gre  |e aacr 
041 0 |a eng 
082 0 |a 943.004924 
100 1 |a Mosse, Werner Eugen. 
245 1 4 |a The German-Jewish economic elite, 1820-1935 :  |b a socio-cultural profile /  |c W. E. Mosse 
260 |a Oxford :   |b Clarendon ,   |c 1989 
300 |a 369 p. 
504 |a Includes bibliographical references and index 
650 0 0 |a Jews  |z Germany  |x Biography. 
650 0 0 |a Jewish businesspeople  |z Germany  |x Biography. 
650 0 0 |a Jewish capitalists and financiers  |z Germany  |x Biography. 
650 0 0 |a Jews  |z Germany  |x Identity. 
651 0 |a Germany  |x Ethnic relations. 
852 |a INST  |b LESVOS  |e 19970515  |h 943.004924 MOS  |p 005100011287  |q 005100011287  |t BK  |y 0 
909 |a Λ  |b 050112 
950 |a 120-1996-07-16